<?xml version='1.0' encoding='UTF-8'?>
  <record xmlns="http://www.loc.gov/MARC21/slim">
    <leader>00000ckm a22000007i 4500</leader>
    <controlfield tag="001">ocn931899164</controlfield>
    <controlfield tag="003">OCoLC</controlfield>
    <controlfield tag="005">20231213210205.5</controlfield>
    <controlfield tag="008">150202s1686    pl nnn            cnlat d</controlfield>
    <datafield tag="040" ind1=" " ind2=" ">
      <subfield code="a">NLGGC</subfield>
      <subfield code="b">dut</subfield>
      <subfield code="e">fobidrtb</subfield>
      <subfield code="c">NLGGC</subfield>
      <subfield code="d">QGJ</subfield>
      <subfield code="d">OCLCQ</subfield>
      <subfield code="d">OCLCL</subfield>
    </datafield>
    <datafield tag="035" ind1=" " ind2=" ">
      <subfield code="a">(OCoLC)931899164</subfield>
    </datafield>
    <datafield tag="100" ind1="1" ind2=" ">
      <subfield code="a">Hevelius, Johannes,</subfield>
      <subfield code="d">1611-1687.</subfield>
      <subfield code="1">https://id.oclc.org/worldcat/entity/E39PBJvXkMrjMpdqtPWfddFR8C</subfield>
    </datafield>
    <datafield tag="245" ind1="1" ind2="0">
      <subfield code="a">Hocce hemisphærium australe /</subfield>
      <subfield code="c">Joh: Hevelius ... ; pictore vero Andr: Stech ; sculptore Carol. de la Haye</subfield>
      <subfield code="f">002337385.</subfield>
    </datafield>
    <datafield tag="260" ind1=" " ind2=" ">
      <subfield code="a">Gedani :</subfield>
      <subfield code="b">Joh. Hevelii,</subfield>
      <subfield code="c">1686.</subfield>
    </datafield>
    <datafield tag="300" ind1=" " ind2=" ">
      <subfield code="a">1 prent :</subfield>
      <subfield code="b">kopergrav. ;</subfield>
      <subfield code="c">55 x 58 cm</subfield>
    </datafield>
    <datafield tag="336" ind1=" " ind2=" ">
      <subfield code="a">niet-bewegend beeld</subfield>
      <subfield code="b">sti</subfield>
      <subfield code="2">rdacontent/dut</subfield>
    </datafield>
    <datafield tag="337" ind1=" " ind2=" ">
      <subfield code="a">zonder medium</subfield>
      <subfield code="b">n</subfield>
      <subfield code="2">rdamedia/dut</subfield>
    </datafield>
    <datafield tag="338" ind1=" " ind2=" ">
      <subfield code="a">vel</subfield>
      <subfield code="b">nb</subfield>
      <subfield code="2">rdacarrier/dut</subfield>
    </datafield>
    <datafield tag="500" ind1=" " ind2=" ">
      <subfield code="a">De zuidelijke sterrenbeelden volgens Johannes Hevelius.</subfield>
    </datafield>
    <datafield tag="500" ind1=" " ind2=" ">
      <subfield code="a">Verschenen in: Firmamentum Sobiescianum, sive Uranographia, totum coelum stellatum, utpote tam quod libet sidus, quam omnes et singulas stellas, secundum genuinas earam magnitudines, nudo oculo, et olim jam cognitas, et nuper primum detectas, accuratissimisque organis rite observatas, exhibens / Johannes Hevelius. - Gedani : Johannis Zachariae Stollii, 1690 (vóór fig. A).</subfield>
    </datafield>
    <datafield tag="535" ind1="1" ind2=" ">
      <subfield code="a">Utrecht, UB</subfield>
      <subfield code="g">ne</subfield>
    </datafield>
    <datafield tag="700" ind1="1" ind2=" ">
      <subfield code="a">Stech, Andreas,</subfield>
      <subfield code="d">1635-1697.</subfield>
    </datafield>
    <datafield tag="700" ind1="1" ind2=" ">
      <subfield code="a">La Haye, Carolus de.</subfield>
    </datafield>
    <datafield tag="856" ind1="4" ind2=" ">
      <subfield code="u">http://objects.library.uu.nl/reader/resolver.php?obj=002337385&amp;type=2</subfield>
      <subfield code="z">Map</subfield>
    </datafield>
  </record>